00693nam a2200205 a 450000100060000000300080000600500170001400800410003103500190007204000270009104100080011808200240012610000250015024501140017526000640028930000330035350400370038665100380042370000260046170495BD-RjUL20211209082016.0170417m1963 nyua b 001 0 eng d a(BD-RjUL)70709 aDLCcDLCdBD-RjULbeng aeng00a959.3223bPET 19631 aPendleton, Robert L.00aThailand :baspects of landscape and life /cRobert L. Pendelton, with the assistance of Robert C. Kingsbury  aNew York :bDuell, Sloan and Pearce,c1962 [Printing 1963]. axv, 321 p. :bill. ;c26 cm. aIncludes bibliography and Index. 0aThailandxDescription and travel. aKingsbury, Robert C.